Super Bowl Matchups Based on Record - Statistics

General Stats
  • This quiz has been taken 23 times
    5 since last reset
  • The average score is 39 of 120
Answer Stats
Year Team % Correct
2024 Kansas City Chiefs
100%
2025 Seattle Seahawks
100%
2025 Denver Broncos
75%
2022 Kansas City Chiefs
75%
2022 Philadelphia Eagles
75%
2012 Atlanta Falcons
50%
2010 Atlanta Falcons
50%
2023 Baltimore Ravens
50%
2019 Baltimore Ravens
50%
2015 Carolina Panthers
50%
2015 Denver Broncos
50%
2013 Denver Broncos
50%
2012 Denver Broncos
50%
2024 Detroit Lions
50%
2021 Green Bay Packers
50%
2020 Green Bay Packers
50%
2011 Green Bay Packers
50%
1966 Green Bay Packers
50%
2009 Indianapolis Colts
50%
2020 Kansas City Chiefs
50%
2018 Kansas City Chiefs
50%
1966 Kansas City Chiefs
50%
2017 New England Patriots
50%
2016 New England Patriots
50%
2014 New England Patriots
50%
2011 New England Patriots
50%
2010 New England Patriots
50%
2007 New England Patriots
50%
2018 New Orleans Saints
50%
2009 New Orleans Saints
50%
2008 New York Giants
50%
1967 Oakland Raiders
50%
2017 Philadelphia Eagles
50%
2023 San Francisco 49ers
50%
2019 San Francisco 49ers
50%
2014 Seattle Seahawks
50%
2013 Seattle Seahawks
50%
2021 Tennessee Titans
50%
2008 Tennessee Titans
50%
1980 Atlanta Falcons
25%
1993 Buffalo Bills
25%
1991 Buffalo Bills
25%
1990 Buffalo Bills
25%
1988 Buffalo Bills
25%
2006 Chicago Bears
25%
1988 Chicago Bears
25%
1985 Chicago Bears
25%
1981 Cincinnati Bengals
25%
1986 Cleveland Browns
25%
2016 Dallas Cowboys
25%
2007 Dallas Cowboys
25%
1995 Dallas Cowboys
25%
1993 Dallas Cowboys
25%
1979 Dallas Cowboys
25%
1977 Dallas Cowboys
25%
1998 Denver Broncos
25%
1996 Denver Broncos
25%
1989 Denver Broncos
25%
1987 Denver Broncos
25%
1977 Denver Broncos
25%
1996 Green Bay Packers
25%
2005 Indianapolis Colts
25%
1999 Jacksonville Jaguars
25%
1997 Kansas City Chiefs
25%
1995 Kansas City Chiefs
25%
1971 Kansas City Chiefs
25%
1985 Los Angeles Raiders
25%
1983 Los Angeles Raiders
25%
1982 Los Angeles Raiders
25%
1984 Miami Dolphins
25%
1973 Miami Dolphins
25%
1972 Miami Dolphins
25%
1998 Minnesota Vikings
25%
1976 Minnesota Vikings
25%
1974 Minnesota Vikings
25%
1973 Minnesota Vikings
25%
1971 Minnesota Vikings
25%
1970 Minnesota Vikings
25%
1969 Minnesota Vikings
25%
2003 New England Patriots
25%
2000 New York Giants
25%
1986 New York Giants
25%
2002 Oakland Raiders
25%
1976 Oakland Raiders
25%
1974 Oakland Raiders
25%
1969 Oakland Raiders
25%
1968 Oakland Raiders
25%
2004 Philadelphia Eagles
25%
2003 Philadelphia Eagles
25%
2002 Philadelphia Eagles
25%
2004 Pittsburgh Steelers
25%
2001 Pittsburgh Steelers
25%
1994 Pittsburgh Steelers
25%
1992 Pittsburgh Steelers
25%
1978 Pittsburgh Steelers
25%
1975 Pittsburgh Steelers
25%
1997 San Francisco 49ers
25%
1994 San Francisco 49ers
25%
1992 San Francisco 49ers
25%
1990 San Francisco 49ers
25%
1989 San Francisco 49ers
25%
1987 San Francisco 49ers
25%
1984 San Francisco 49ers
25%
1981 San Francisco 49ers
25%
2001 St. Louis Rams
25%
1999 St. Louis Rams
25%
2000 Tennessee Titans
25%
1991 Washington Redskins
25%
1983 Washington Redskins
25%
1982 Washington Redskins
25%
1972 Washington Redskins
25%
1970 Baltimore Colts
0%
1968 Baltimore Colts
0%
1978 Los Angeles Rams
0%
1975 Los Angeles Rams
0%
1967 Los Angeles Rams
0%
2006 San Diego Chargers
0%
1980 San Diego Chargers
0%
1979 San Diego Chargers
0%
2005 Seattle Seahawks
0%
No matching quizzes found
Score Distribution
Percent of People with Each Score
Percentile by Number Answered
Your Score History
You have not taken this quiz since the last reset